Sir Colin Chandler V (1) Secretary of State for the Communities and Local Government (2) Richard and Glenys Moore (Record no. 79081)

MARC details
000 -LEADER
fixed length control field 01997cab a22002175a 4500
001 - CONTROL NUMBER
control field L139747
008 - FIXED-LENGTH DATA ELEMENTS--GENERAL INFORMATION
fixed length control field 070807e20070504xxk f w 000 0 eng d
035 ## - SYSTEM CONTROL NUMBER
System control number (Sirsi) u139747
041 0# - LANGUAGE CODE
Language code of text/sound track or separate title eng
245 00 - TITLE STATEMENT
Title Sir Colin Chandler V (1) Secretary of State for the Communities and Local Government (2) Richard and Glenys Moore
Medium [electronic resource]
260 ## - PUBLICATION, DISTRIBUTION, ETC.
Date of publication, distribution, etc. 2007
520 ## - SUMMARY, ETC.
Summary, etc. [2007] EWHC 1000 (Admin), 4 May 2007. The applicant (C) applied to have the decision of a planning officer quashed. C and the respondent (M) lived on opposite sides of a road within a conservation area. C occupied a listed building. M applied for planning permission to extend their property, which was not listed. C objected and the application was refused. M successfully appealed, the planning officer finding that the extension would have no detrimental effect on the area. C argued that the planning officer had applied the wrong test, as the local plan required that alterations should not only preserve but, where possible, enhance the area's heritage. "Held": The Planning (Listed Buildings and Conservation Areas) Act 1990 s72(1) made clear that the planning officer should consider the preservation or enhancement of the area. It placed no burden on him to ensure enhancement. There was nothing in the local plan which forced another interpretation. The inspector had expressly concluded the building would have no detrimental effect on the area and there was no cause to apply a more stringent test. Application refused.
590 ## - LOCAL NOTE (RLIN)
Local note KA
650 24 - SUBJECT ADDED ENTRY--TOPICAL TERM
Topical term or geographic name entry element CHANDLER V SOS COMMUNITIES AND ANOR
650 24 - SUBJECT ADDED ENTRY--TOPICAL TERM
Topical term or geographic name entry element PLANNING (LISTED BUILDINGS AND CONSERVATION AREAS) ACT 1990 S72
650 24 - SUBJECT ADDED ENTRY--TOPICAL TERM
Topical term or geographic name entry element SOUTH LAKELAND DC V SOS ENVIRONMENT
651 #4 - SUBJECT ADDED ENTRY--GEOGRAPHIC NAME
Geographic name England and Wales
Chronological subdivision 1543-
690 ## - LOCAL SUBJECT ADDED ENTRY--TOPICAL TERM (OCLC, RLIN)
Topical term or geographic name as entry element ENVIRONMENTAL AND LAND CONSULTANCY-ENVIRONMENTAL MANAGEMENT-ENVIRONMENTAL CONSERVATION
856 40 - ELECTRONIC LOCATION AND ACCESS
Uniform Resource Identifier <a href="https://www.bailii.org/ew/cases/EWHC/Admin/2007/1000.html">https://www.bailii.org/ew/cases/EWHC/Admin/2007/1000.html</a>
Public note View the judgement free of charge at www.bailii.org...
942 ## - ADDED ENTRY ELEMENTS (KOHA)
Suppress in OPAC 0
Holdings
Withdrawn status Lost status Source of classification or shelving scheme Damaged status Not for loan Home library Current library Shelving location Date acquired Total Checkouts Full call number Barcode Date last seen Copy number Price effective from Koha item type
    Dewey Decimal Classification     Virtual Virtual Online 07/08/2007   ONLINE PUBLICATION 139747-1001 06/08/2019 1 06/08/2019 Law report